书目信息 |
| 题名: |
冷的光源
|
|
| 作者: | 徐克明 著 ;王永杰 绘图 | |
| 分册: | ||
| 出版信息: | 北京 中华全国科学技术普及协会 1956 |
|
| 页数: | 38页 | |
| 开本: | 18cm | |
| 丛书名: | ||
| 单 册: | ||
| 中图分类: | O436 | |
| 科图分类: | ||
| 主题词: | 物理光学 | |
| 电子资源: | ||
| ISBN: | 13051.2 | |
| 000 | 00655cam0 2200241 450 | |
| 001 | 0105409898 | |
| 005 | 20070807132039.0 | |
| 010 | @a13051.2@dCNY0.15 | |
| 091 | @a13051.2@dCNY0.15 | |
| 100 | @a19970529d1956 em y0chiy0110 ea | |
| 101 | 0 | @achi |
| 102 | @aCN@b110000 | |
| 105 | @aa z 000yy | |
| 106 | @ar | |
| 200 | 1 | @a冷的光源@9Leng De;Di Guang Yuan @f徐克明著@g王永杰绘图@b专著 |
| 210 | @a北京@c中华全国科学技术普及协会@d1956 | |
| 215 | @a38页@c图@d18cm | |
| 606 | 0 | @a物理光学 |
| 690 | @aO436@v3 | |
| 701 | 0 | @a徐克明@9xu ke ming@4著 |
| 702 | 0 | @a王永杰@9wang yong jie@4绘图 |
| 801 | 0 | @aCN@bAiZhiMarc |
| 905 | @aBZT@dO436@e1@f1@sO436/1 | |
| 冷的光源/徐克明著/王永杰绘图.-北京:中华全国科学技术普及协会,1956 |
| 38页:图;18cm |
| ISBN 13051.2:CNY0.15 |
| ● |
| 相关链接 |
|
|
|
正题名:冷的光源
索取号:O436/1
 
预约/预借
| 序号 | 登录号 | 条形码 | 馆藏地/架位号 | 状态 | 备注 |
| 1 | 2000078728 | 2000078728 | 旧书回溯/ [索取号:O436/1] | 在馆 |